Logo biblioteca
Santa Fe 2917, Rosario, Santa Fe
Lu-Vi 8 a 19.45
+54-341-4232362
bibliotecaeudoro@gmail.com
Facebook Biblioteca Pedagógica
Sitio web

La muerte de Artemio Cruz / (Registro nro. 32486)

Detalles MARC
000 -CABECERA
campo fijo de control de longitud 00688nam a2200229 4500
001 - NÚMERO DE CONTROL
campo de control 32486
003 - IDENTIFICADOR DEL NÚMERO DE CONTROL
campo de control AR-RoBPED
005 - FECHA Y HORADE LA ULTIMA TRANSACCION
campo de control 20260401092213.0
008 - ELEMENTOS DE LONGITUD FIJA--INFORMACION GENERAL
campo fijo de control de longitud 260331s1971 es ||||er|||| 000 1 spa d
040 ## - FUENTE CATALOGADORA
Centro catalogador/agencia de origen AR-RoBPED
041 ## - IDIOMA
Código de idioma para texto/pista de sonido o título independiente spa
100 1# - ENCABEZAMIENTO PRINCIPAL--AUTOR PERSONAL
Nombre de persona Fuentes, Carlos
Fechas nac-muerte 1928-2012
9 (RLIN) 13001
245 13 - TITULO
Título La muerte de Artemio Cruz /
Mención de responsabilidad Carlos Fuentes.
260 ## - PUBLICACION
Lugar España :
Editor Salvat,
Fecha 1971.
300 ## - DESCRIPCION FISICA
Extensión 206 p.
490 0# - SERIE
Mención de serie (Biblioteca Básica Salvat)
650 #4 - TERMINO DE MATERIA--CONTROLADO
Término controlado LITERATURA MEXICANA
9 (RLIN) 3638
Término controlado NOVELAS
9 (RLIN) 25
700 1# - ENCABEZAMIENTO SECUNDARIO--AUTOR PERSONAL
Nombre de persona Donoso, José
Fecha de nac-muerte 1924-1996
9 (RLIN) 8879
Función prol.
942 ## - ELEMENTOS KOHA
Fuente de clasificación Universal Decimal Classification
Número Koha k. 32486
Koha tipo de ítem Libro
Clasificación 860(72)-31
Signatura librística F 89 m
Inventario inv. 42345
945 ## - PROCESAMIENTO DE LA INFORMACIÓN LOCAL
Catalogador y fecha mm 31/03/2026 - cd 01/04/2026
Existencias
Estado retirado Estado perdido Fuente de clasificación Estado dañado No se presta Biblioteca propietaria Biblioteca de reserva Fecha de adquisición Procedencia Total de préstamos Signatura topográfica completa Código de barras (nº de inventario) Fecha visto por última vez Catalogador y fecha Tipo de ítem Koha Nota pública
    Universal Decimal Classification     Biblioteca Pedagógica Eudoro Díaz Biblioteca Pedagógica Eudoro Díaz 31/03/2026 Donación   860(72)-31 F 89 m 42345 31/03/2026 mm 31/03/2026 Libro Se presta 15 días.